| 000 | 00397cam a2200169ua 4500 | ||
|---|---|---|---|
| 001 | 288 | ||
| 008 | 110328n ii |||gr||||Z||||||eng | ||
| 040 | _cMAIN | ||
| 082 | _a301 | ||
| 245 |
_aSimple book of sociology. _cBy H.R. Mukhi. |
||
| 250 | _a1st. | ||
| 260 |
_aDelhi.: _bSBD publishers.,999. |
||
| 300 |
_aviii, 576 p.: _c24 cm. |
||
| 653 | _aSociology. | ||
| 700 | 1 | _aMukhi, H.R., | |
| 942 | _cBK | ||
| 999 |
_c245 _d245 |
||